000 03983nam a2200337 a 4500
003 CHAP
005 20250630134158.0
007 ta
008 190523s2020 mx abdofr| ||1|||spa d
040 _amxchpua
_cCHAP
041 _aspa
_bspa
_fspa
_hspa
050 1 0 _aC HD9014.M63
_b.P36 2020
082 0 0 _aC 630.972
_bP36 2020
_220
110 1 _9162096
_aServicio de Información Agroalimentaria y Pesquera (SIAP)
245 1 0 _aPanorama agroalimentario 2020 /
_cServicio de Información Agroalimentaria y Pesquera
250 _a1a edición
264 _aMéxico :
_bSADER. Servicio de Información Agroalimentaria y Pesquera,
_c2020
300 _a196 páginas :
_bilustraciones, gráficas, mapas y fotos
336 _2rdacontent
_atexto
_btxt
337 _2rdamedia
_asinmedia
_bn
338 _2rdacarrier
_avolumen
_bnc
505 0 _aPresentación -- Servicio de Información Agroalimentaria y Pesquera (SIAP): Información que alimenta -- México : sector agroalimentario en cifras -- ¿Quienes generan la producción agropecuaria y pesquera en México? -- Productos agroalimentarios mexicanos: presencia en los mercados internacionales -- Sector exportador agroalimentario de México -- Estación de Recepción México (ERMEX): monitoreo permanente del territorio -- Sistemas aéreos no tripulados: innovación tecnológica -- La frontera agrícola: lugar donde se siembra el bienestar -- Estimación de superficie agrícola: nível de análisis de las siembras -- Vulnerabilidad en áreas agrícolas: disponibilidad de agua en presas -- Infraestructura agroalimentaria: la capacidad operativa del sector -- Regiones agroalimentarias de México -- Calendario agrícola 2020 -- SUBSECTOR AGRÍCOLA -- SECTOR PECUARIO -- SECTOR PESQUERO -- Productos y fracciones arancelarias
520 2 _aDespués de un año de arduo trabajo y mucho esfuerzo, el jueves 26 de noviembre se lanzó oficialmente la publicación del Panorama Agroalimentario 2020, el cual es fruto del trabajo de los especialistas del Servicio de Información Agroalimentaria y Pesquera. Liderando este gran equipo de trabajo, la Lic. Patricia Ornelas Ruiz, dió a conocer las principales características de esta publicación, con un emotivo discurso en el que enalteció el trabajo de los productores de todo el sector primario, ya que gracias a su esfuerzo y dedicación, se ha mantenido la producción constante de alimentos aun en tiempos difíciles debido a la pandemia por COVID. Además afirmó que el “El campo mexicano es motivo de orgullo por su grandeza y la excelencia de sus productores”. Por otro lado, el Secretario de la SADER, el Dr. Victor Manuel Villalobos Arámbula, brindó también un breve discurso relativo al campo y como este no se ha detenido a pesar de las adversidades, y al contrario, este seguirá creciendo hasta alcanzar la autosuficiencia alimentaria. En este evento se contó también con la participación de invitados de gran importancia internacional, tales como la doctora Lina Pohl, representante de la FAO en México, quien hizo hincapié en que el Panorama Agroalimentario 2020 es una herramienta vital para los organismos internacionales, para los tomadores de decisiones, para los productores y para la academia. Invitó al público en general a utilizar y a divulgar esta información, la cual incrementa su valor cuando es utilizada y compartida en diversos ámbitos. Si deseas consultar esta publicación, recuerda que se encuentra disponible en la página del SIAP, en el apartado de Panorama Agroalimentario 2020.
650 1 3 _aAlimentos
_xEstadísticas
_zMéxico
_9135721
650 1 3 _aFoods
_xStatistics
_zMexico
_9156172
651 1 3 _9160652
_aMéxico
_xAgricultura
_xEstadísticas
651 1 3 _9186478
_aMexico
_xAgriculture
_xStatistics
710 1 _aSecretaría de Agricultura y Desarrollo Rural (SADER)
_9186552
_bServicio de Información Agroalimentaria y Pesquera (SIAP)
901 _aC 630.972 P36 2020
942 _cLIBRO
_2ddc
999 _c218583
_d218583